00376 2200157 4500001002100000005001500021035002000036245003300056100001900089300002600108260002800134082000800162084001400170020002200184990001200206INLIS00000000000297520250917023918 a0010-09250003221 aArti Cinta /cMela Sukmawati0 aMela Sukmawati a300 hlm ;c13 x 19 cm aJakarta :bZettu,c2014 a813 a813 MEL a a978-602-7999-91-6 a0755658